| 000 | 00625nam a2200241Ia 4500 | ||
|---|---|---|---|
| 003 | OSt | ||
| 005 | 20220912151212.0 | ||
| 006 | a|||||r|||| 00| 0 | ||
| 007 | ta | ||
| 008 | 220909b |||||||| |||| 00| 0 eng d | ||
| 024 | _a53560 | ||
| 037 | _cTextual | ||
| 040 |
_aCSL _beng _cCSL |
||
| 041 | _aeng | ||
| 082 | _aK86:(E9G), L7 | ||
| 100 | _aTurner R B Ed. | ||
| 245 | 0 | _aAnalytical biochemistry of insects | |
| 260 |
_aAmsterdam _bElsevier Scientific _c1977 |
||
| 300 |
_avii,315p. _ccm. |
||
| 650 | _aZoology | ||
| 942 |
_hK86:(E9G), L7 _cTEXL _2CC |
||
| 999 |
_c63545 _d63545 |
||